| 000 | 01185cam a2200325 i 4500 | ||
|---|---|---|---|
| 001 | 64323 | ||
| 003 | Mx-PuUPA | ||
| 005 | 20250502112415.0 | ||
| 008 | 160315s2005 mx grb 001 0 spa d | ||
| 020 | _a9709791028 | ||
| 040 |
_aMx-PuUPA _cMx-PuUPA _bspa _dMx-PuUPA _erda |
||
| 041 | 0 | _aspa | |
| 245 | 1 | 0 |
_aGlosario de documentos cuestionados / _cAnatolio González Emigdio, Agustín Daniel Cervantes Flores |
| 264 | 1 |
_aCiudad de México : _bEditorial INADEJ, _c©2005 |
|
| 300 |
_a525 páginas ; _c21 cm |
||
| 336 |
_atexto _btxt _2rdacontent |
||
| 337 |
_2rdamedia _asin medio _bn |
||
| 338 |
_2rdacarrier _avolumen _bnc |
||
| 650 | 7 |
_2armarc _aDocumentos legales _xIdentificación |
|
| 650 | 7 |
_2armarc _aEvidencia documental |
|
| 650 | 7 |
_2armarc _aInvestigación criminal _vGlosario |
|
| 650 | 7 |
_2armarc _aIdentificación de manuscritos (Derecho) |
|
| 700 |
_aGonzález Emigdio, Anatolio _eeditor _99583 |
||
| 700 |
_aCervantes Flores, Agustín Daniel, _eeditor |
||
| 942 |
_2ddc _cREF _h025.0634 _iG56 |
||
| 999 |
_c64323 _d64323 |
||